Výhledové tendence sociálně ekonomického rozvoje jednotlivých krajů ČSR podklady pro komplexní prognózu sociálního a ekonomického rozvoje ČSSR do roku 2000 vypracované ve 2. etapě prací na Usnesení vlády ČSSR

Salvato in:
Dettagli Bibliografici
Natura: Libro
Lingua:ceco
Pubblicazione: Ostrava Výzkumný ústav rozvoja oblasti a měst 1980
Tags: Aggiungi Tag
Nessun Tag, puoi essere il primo ad aggiungerne!!

MARC

LEADER 00000nam a2200000 4500
001 c141828
005 20181203150522.5
041 0 |a cze 
044 |a CZ 
245 1 0 |a Výhledové tendence sociálně ekonomického rozvoje jednotlivých krajů ČSR  |b podklady pro komplexní prognózu sociálního a ekonomického rozvoje ČSSR do roku 2000 vypracované ve 2. etapě prací na Usnesení vlády ČSSR 
264 1 |a Ostrava  |b Výzkumný ústav rozvoja oblasti a měst  |c 1980 
300 |a 148 s.